000 00550nam a2200169Ia 4500
008 151213s9999 xx 000 0 und d
020 _a984-809036-6
100 _aড.কৃষঞপদ মন্ডল।
245 _aবাংলার রাগ সংগীত।
_cড.কৃষঞপদ মন্ডল।
250 _a১ম সং
260 _aঢাকা
_bইউজিসি।
_c2007
300 _a4404 p.
650 _aBangla
650 _aমিউজিক
700 _aড.কৃষঞপদ মন্ডল।
999 _c2793
_d2793